000 03563nam a22004217a 4500
005 20091211095643.0
008 091211t xxu||||| |||| 00| 0 eng d
010 _aB-370166-181
020 _a9780195676983
_c665.00
035 _aB-370166-181
037 _bImpulse
040 _adpl
_bEnglish
082 _a483
245 _aOxford language reference /
_cedited by Jonathan Law
260 _aNew Delhi
_bOxford University Press
_c2009 (repr.)
270 _aYMCA Library Building, Jai Singh Road,
_bNew Delhi
_e110001
300 _a218p.
_c25cm(Hb)
500 _aThis book is published in 3 vol. and set price is 1995.00
700 _aLaw, Jonathan
942 _2ddc
_cRF
_mOXF
_h483
999 _c32468
_d32468